[Event "San Sebastian Gros op 28th"]
[Site "San Sebastian"]
[Date "2018.06.28"]
[Round "8"]
[White "Boursier, Julien"]
[Black "Forgas Moreno, Yaniela"]
[Result "0-1"]
[WhiteElo "2066"]
[BlackElo "2242"]
[PlyCount "80"]
[EventDate "2018.06.22"]
[EventType "swiss"]
[EventRounds "9"]
[EventCountry "ESP"]
[SourceTitle "CBM 185 Extra"]
[Source "ChessBase"]
[SourceDate "2018.07.29"]
[SourceVersion "1"]
[SourceVersionDate "2018.07.29"]
[SourceQuality "1"]

1. d4 f5 2. c4 Nf6 3. Nc3 g6 4. h4 d6 5. h5 Bg7 6. h6 Bf8 7. Nf3 e6 8. Qc2 Be7 9. e4 c6 10. Bg5 0-0 11. 0-0-0 Ng4 12. Bxe7 Qxe7 13. Re1 Qd8 14. Bd3 Na6 15. Qd2 Rb8 16. Re2 Bd7 17. Nh4 f4 18. e5 Be8 19. f3 Ne3 20. g3 dxe5 21. dxe5 Nc5 22. Bb1 Qxd2+ 23. Kxd2 Nxc4+ 24. Kc1 fxg3 25. b3 Nb6 26. Rh3 Rf4 27. Be4 Nd5 28. Nd1 Nxe4 29. fxe4 Nb4 30. Ng2 Rf3 31. Ne1 Nd3+ 32. Nxd3 Rxd3 33. Ne3 c5 34. Rxg3 Bc6 35. Rg4 Rf8 36. Kc2 Rd4 37. Ng2 Bb5 38. Re3 Rf2+ 39. Kc3 Rd1 40. Re1 Rd3# 0-1

[Event "San Sebastian Gros op 28th"]
[Site "San Sebastian"]
[Date "2018.06.25"]
[Round "5"]
[White "Vicente Ezeiza, Mikel"]
[Black "Boursier, Julien"]
[Result "1/2-1/2"]
[WhiteElo "1961"]
[BlackElo "2066"]
[PlyCount "180"]
[EventDate "2018.06.22"]
[EventType "swiss"]
[EventRounds "9"]
[EventCountry "ESP"]
[SourceTitle "CBM 185 Extra"]
[Source "ChessBase"]
[SourceDate "2018.07.29"]
[SourceVersion "1"]
[SourceVersionDate "2018.07.29"]
[SourceQuality "1"]

1. e4 e6 2. d4 d5 3. Nc3 dxe4 4. Nxe4 Nd7 5. Nf3 Ngf6 6. Nxf6+ Nxf6 7. c3 Be7 8. Bd3 c5 9. 0-0 0-0 10. Qe2 b6 11. Bg5 Bb7 12. Bxf6 Bxf6 13. dxc5 bxc5 14. Rfd1 Qb6 15. Ne5 Rad8 16. Nc4 Qc7 17. Qg4 g6 18. Be2 Rd5 19. Qg3 Qe7 20. Ne3 Rxd1+ 21. Rxd1 Rd8 22. Ng4 Bg7 23. Rxd8+ Qxd8 24. Qd3 Qxd3 25. Bxd3 Kf8 26. f3 Ke7 27. Bc4 Kd6 28. Kf2 f5 29. Ne3 f4 30. Nf1 Bd5 31. Nd2 Bxc4 32. Nxc4+ Kd5 33. Nd2 a5 34. Ke2 c4 35. Ne4 a4 36. Kd2 h6 37. Kc2 g5 38. h3 Bf8 39. b3 axb3+ 40. axb3 Be7 41. bxc4+ Kxc4 42. Nd2+ Kd5 43. Kd3 h5 44. Ne4 Ke5 45. Kc4 g4 46. Kb5 Kd5 47. hxg4 hxg4 48. Nf2 gxf3 49. gxf3 e5 50. Ne4 Bd8 51. Kb4 Bb6 52. Kb3 Ba5 53. Kc2 Kc4 54. Nd2+ Kd5 55. Kd3 Bc7 56. Nb3 Bb8 57. c4+ Ke6 58. Ke4 Ba7 59. Nc1 Bd4 60. Nd3 Bc3 61. Nc1 Kd6 62. Nd3 Ke6 63. c5 Ba1 64. Ne1 Bd4 65. Nd3 Ba1 66. Nc1 Bd4 67. Nb3 Be3 68. c6 Kd6 69. Na5 Bd4 70. Nc4+ Kxc6 71. Nxe5+ Kc5 72. Nd3+ Kc4 73. Nxf4 Bb2 74. Nd3 Bg7 75. f4 Bh8 76. f5 Bg7 77. Nf4 Bb2 78. Nd3 Bg7 79. Ne5+ Kc5 80. Nf7 Kc6 81. Kf4 Bf6 82. Kg4 Kd7 83. Kh5 Ke7 84. Kg6 Bc3 85. Nh6 Bb2 86. Ng8+ Kf8 87. Nf6 Ke7 88. Kh5 Kxf6 89. Kh6 Bc1+ 90. Kh5 Kxf5 1/2-1/2

[Event "Cannes op 26th"]
[Site "Cannes"]
[Date "2014.07.12"]
[Round "8"]
[White "Bergougnoux, Axel"]
[Black "Boursier, Julien"]
[Result "0-1"]
[WhiteElo "1859"]
[BlackElo "2094"]
[PlyCount "78"]
[EventDate "2014.07.07"]
[EventType "swiss"]
[EventRounds "9"]
[EventCountry "FRA"]
[SourceTitle "EXT 2015"]
[Source "ChessBase"]
[SourceDate "2014.11.20"]
[SourceVersion "1"]
[SourceVersionDate "2014.11.20"]
[SourceQuality "1"]

1. e4 e6 2. d4 d5 3. Nd2 dxe4 4. Nxe4 Nd7 5. Nf3 Ngf6 6. Nxf6+ Nxf6 7. Bd3 c5 8. dxc5 Bxc5 9. Qe2 Qb6 10. 0-0 Ng4 11. h3 Nxf2 12. Rxf2 Bxf2+ 13. Qxf2 Qxf2+ 14. Kxf2 f6 15. Be3 e5 16. Rd1 Be6 17. b3 Kf7 18. Be4 Rac8 19. c4 b6 20. Ke2 g6 21. a4 Rhd8 22. Ra1 Rb8 23. Nd2 f5 24. Bc6 f4 25. Bf2 Rd6 26. Nf3 Kf6 27. Bh4+ Kf5 28. Nd2 Bxc4+ 29. bxc4 Rxc6 30. g4+ Ke6 31. Kd3 h6 32. Bf2 Rd8+ 33. Kc2 Rcd6 34. Be1 Rd3 35. h4 Re3 36. Rd1 Re2 37. Kc3 e4 38. Rc1 Rd3+ 39. Kc2 Rde3 0-1

[Event "Cannes op 26th"]
[Site "Cannes"]
[Date "2014.07.08"]
[Round "2"]
[White "Lafortune, Emerick"]
[Black "Boursier, Julien"]
[Result "1/2-1/2"]
[WhiteElo "1835"]
[BlackElo "2094"]
[PlyCount "105"]
[EventDate "2014.07.07"]
[EventType "swiss"]
[EventRounds "9"]
[EventCountry "FRA"]
[SourceTitle "EXT 2015"]
[Source "ChessBase"]
[SourceDate "2014.11.20"]
[SourceVersion "1"]
[SourceVersionDate "2014.11.20"]
[SourceQuality "1"]

1. Nf3 d5 2. d4 Nf6 3. c4 c6 4. g3 Nbd7 5. Qc2 e6 6. Bg2 Bd6 7. 0-0 0-0 8. Bg5 h6 9. Bxf6 Qxf6 10. Nbd2 Bc7 11. e4 dxe4 12. Nxe4 Qf5 13. Qe2 e5 14. d5 cxd5 15. cxd5 Qh5 16. Qc4 Bb8 17. Rad1 f5 18. Nc3 e4 19. Nd4 Ne5 20. Qb3 Ng4 21. h3 Ne5 22. f3 exf3 23. Nxf3 Nd7 24. d6+ Kh8 25. Nh4 Qg5 26. Qe6 Nf6 27. d7 Bxd7 28. Rxd7 Nxd7 29. Ng6+ Kh7 30. Nxf8+ Nxf8 31. Qxf5+ Qxf5 32. Rxf5 Bxg3 33. Bxb7 Rd8 34. Be4 Kh8 35. Rf7 Be5 36. Kf1 Rb8 37. Rb7 Rxb7 38. Bxb7 g5 39. Ke2 Ne6 40. Ke3 Bf4+ 41. Kf3 Kg7 42. Nd5 Bd6 43. Ne3 Kf6 44. Ng4+ Kg7 45. Bc8 Nf4 46. Ne3 Kg6 47. Ke4 h5 48. a4 Bb4 49. Nd5 Bd2 50. Nxf4+ gxf4 51. b4 Bxb4 52. Kxf4 Bd2+ 53. Ke4 1/2-1/2

[Event "FRA-chT1A 0809"]
[Site "France"]
[Date "2009.04.04"]
[Round "10.4"]
[White "Scherer, Helmut"]
[Black "Boursier, Julien"]
[Result "1/2-1/2"]
[WhiteElo "2327"]
[BlackElo "2072"]
[PlyCount "102"]
[EventDate "2008.10.19"]
[EventType "team-tourn"]
[EventRounds "11"]
[EventCountry "FRA"]
[SourceTitle "EXT 2010"]
[Source "ChessBase"]
[SourceDate "2010.11.25"]
[SourceVersion "1"]
[SourceVersionDate "2010.11.25"]
[SourceQuality "1"]
[WhiteTeam "Mulhouse II"]
[BlackTeam "Nice"]
[WhiteTeamCountry "FRA"]
[BlackTeamCountry "FRA"]

1. e4 e6 2. d4 d5 3. Nc3 dxe4 4. Nxe4 Nd7 5. g3 Ngf6 6. Nxf6+ Nxf6 7. Bg2 c5 8. Ne2 cxd4 9. Qxd4 Qa5+ 10. Bd2 Qc5 11. Be3 Qa5+ 12. Bd2 Qc5 13. Bc3 Be7 14. 0-0-0 0-0 15. Qxc5 Bxc5 16. Bd4 Bxd4 17. Rxd4 Rb8 18. Ra4 a6 19. Rd1 e5 20. Nc3 b5 21. Ra5 Rb6 22. h3 Re8 23. g4 Be6 24. g5 Nh5 25. h4 Nf4 26. Bf3 Bf5 27. Nd5 Nxd5 28. Bxd5 Kf8 29. a4 Rc8 30. Rd2 bxa4 31. Rxa4 Ke7 32. b3 Be6 33. Bxe6 Kxe6 34. Kb2 Rc7 35. Re2 f6 36. Ree4 Rbc6 37. Re2 Rd7 38. f4 Kf5 39. fxe5 fxe5 40. Rf2+ Ke6 41. Rf8 Rd2 42. Rh8 Rcxc2+ 43. Kb1 Rb2+ 44. Ka1 Rxb3 45. Rxh7 Rh3 46. Rxa6+ Kf5 47. Rb6 Rh1+ 48. Rb1 Rhh2 49. Re1 Ra2+ 50. Kb1 Rhb2+ 51. Kc1 Rc2+ 1/2-1/2

[Event "FRA-chT1A 0809"]
[Site "France"]
[Date "2008.11.08"]
[Round "2.6"]
[White "Rodriguez, Angel"]
[Black "Boursier, Julien"]
[Result "0-1"]
[WhiteElo "2117"]
[BlackElo "2072"]
[PlyCount "50"]
[EventDate "2008.10.19"]
[EventType "team-tourn"]
[EventRounds "11"]
[EventCountry "FRA"]
[SourceTitle "EXT 2010"]
[Source "ChessBase"]
[SourceDate "2010.11.25"]
[SourceVersion "1"]
[SourceVersionDate "2010.11.25"]
[SourceQuality "1"]
[WhiteTeam "Toulouse"]
[BlackTeam "Nice"]
[WhiteTeamCountry "FRA"]
[BlackTeamCountry "FRA"]

1. c4 c6 2. e4 d5 3. cxd5 cxd5 4. exd5 Nf6 5. Qa4+ Bd7 6. Qb3 Qb6 7. Qxb6 axb6 8. Nc3 Na6 9. Bc4 Nb4 10. Ke2 Ra5 11. d3 Nc2 12. Rb1 Nd4+ 13. Kd1 b5 14. b4 Ra6 15. Bb3 Bf5 16. Bc2 Rd6 17. Be3 Nxc2 18. Kxc2 Nxd5 19. Nxd5 Rxd5 20. Rd1 e6 21. a3 Be7 22. Ne2 0-0 23. Nc1 Rc8+ 24. Kb3 Bf6 25. Bc5 b6 0-1

[Event "FRA-chT1A 0809"]
[Site "France"]
[Date "2008.10.19"]
[Round "1.6"]
[White "Marino, Olivier"]
[Black "Boursier, Julien"]
[Result "0-1"]
[WhiteElo "2114"]
[BlackElo "2072"]
[PlyCount "42"]
[EventDate "2008.10.19"]
[EventType "team-tourn"]
[EventRounds "11"]
[EventCountry "FRA"]
[SourceTitle "EXT 2010"]
[Source "ChessBase"]
[SourceDate "2010.11.25"]
[SourceVersion "1"]
[SourceVersionDate "2010.11.25"]
[SourceQuality "1"]
[WhiteTeam "Cannes II"]
[BlackTeam "Nice"]
[WhiteTeamCountry "FRA"]
[BlackTeamCountry "FRA"]

1. e4 e6 2. d4 d5 3. exd5 exd5 4. Bd3 Nc6 5. Ne2 Bd6 6. Nbc3 Nge7 7. Be3 Nb4 8. Bb5+ c6 9. Ba4 Bf5 10. Ng3 Bg6 11. a3 Na6 12. Qf3 Nc7 13. Nh5 Ne6 14. g4 Be4 15. Nxe4 dxe4 16. Qxe4 Qa5+ 17. c3 Qxa4 18. f4 0-0-0 19. Qf3 Nd5 20. f5 Nxe3 21. Qxe3 Rhe8 0-1

[Event "FRA-chT2 South 0708"]
[Site "France"]
[Date "2008.03.15"]
[Round "8.6"]
[White "Boursier, Julien"]
[Black "Lafeuille, Bernard"]
[Result "1/2-1/2"]
[WhiteElo "2106"]
[BlackElo "1910"]
[PlyCount "160"]
[EventDate "2007.10.21"]
[EventType "team"]
[EventRounds "11"]
[EventCountry "FRA"]
[SourceTitle "EXT 2009"]
[Source "ChessBase"]
[SourceDate "2008.11.26"]
[SourceVersion "1"]
[SourceVersionDate "2008.11.26"]
[SourceQuality "1"]
[WhiteTeam "Nice"]
[BlackTeam "Chamalieres"]
[WhiteTeamCountry "FRA"]
[BlackTeamCountry "FRA"]

1. d4 e6 2. Nf3 f5 3. g3 Nf6 4. Bg2 Be7 5. b3 0-0 6. Bb2 d6 7. Nbd2 Nc6 8. 0-0 Qe8 9. Re1 Qg6 10. e3 Bd7 11. a3 Rad8 12. Qe2 Qh6 13. e4 f4 14. e5 dxe5 15. dxe5 Nd5 16. c4 Nb6 17. Rad1 fxg3 18. hxg3 Be8 19. Ne4 Bh5 20. Rxd8 Nxd8 21. Qe3 Qg6 22. Nd4 Nd7 23. Ne2 a5 24. Nf4 Qf5 25. Qd4 Be8 26. Bh3 Qf7 27. Qd1 g5 28. Nd3 b6 29. b4 axb4 30. axb4 Qg6 31. Bc1 h5 32. g4 h4 33. Qd2 Nc6 34. Nxg5 Bxg5 35. Qxg5 Qxg5 36. Bxg5 Nd4 37. Bg2 h3 38. Be4 Nf3+ 39. Bxf3 Rxf3 40. Re3 Rxe3 41. Bxe3 Bg6 42. Nf4 Nxe5 43. Nxg6 Nxg6 44. Bd4 c5 45. bxc5 bxc5 46. Bb2 Nf4 47. Be5 Nd3 48. f4 Ne1 49. Kh2 Nf3+ 50. Kxh3 Nd2 51. Bd6 Nxc4 52. Bxc5 Kf7 53. Kg3 Nd2 54. Bb4 Ne4+ 55. Kf3 Nf6 56. Bc3 Nd5 57. Bd4 Ne7 58. Ke4 Nc6 59. Bc3 Ne7 60. Bd2 Ng6 61. Bb4 Nh4 62. Ba5 Ng6 63. Bd8 Nf8 64. Bg5 Ng6 65. Kd4 Nf8 66. Ke5 Ng6+ 67. Kd6 Nf8 68. Kc6 Ng6 69. Kc5 Nf8 70. Kd6 Ng6 71. Bh6 Ne7 72. Bg5 Ng6 73. f5 exf5 74. gxf5 Nf8 75. Be7 Nh7 76. Kd7 Nf6+ 77. Kd6 Ng8 78. Bg5 Nf6 79. Ke5 Nh7 80. Kf4 Nf8 1/2-1/2

[Event "FRA-ch U20"]
[Site "Calvi"]
[Date "2005.04.19"]
[Round "3"]
[White "Boursier, Julien"]
[Black "Bijaoui, Manuel"]
[Result "1/2-1/2"]
[WhiteElo "2056"]
[BlackElo "2345"]
[PlyCount "43"]
[EventDate "2005.04.??"]
[EventType "swiss"]
[EventRounds "9"]
[EventCountry "FRA"]
[SourceTitle "EXT 2006"]
[Source "ChessBase"]
[SourceDate "2005.11.24"]
[SourceVersion "1"]
[SourceVersionDate "2005.11.24"]
[SourceQuality "1"]

1. d4 Nf6 2. Nf3 g6 3. Bg5 Bg7 4. Nbd2 0-0 5. e4 d6 6. Bc4 Nc6 7. c3 h6 8. Bh4 e5 9. dxe5 Nxe5 10. Nxe5 dxe5 11. 0-0 c6 12. Qe2 Qb6 13. Nf3 Bg4 14. h3 Bxf3 15. Qxf3 Qc5 16. Bb3 Qe7 17. Rad1 Rfd8 18. Rxd8+ Rxd8 19. Bxf6 Qxf6 20. Qxf6 Bxf6 21. Rd1 Rxd1+ 22. Bxd1 1/2-1/2

[Event "France-ch U20"]
[Site "Reims"]
[Date "2004.04.21"]
[Round "5"]
[White "Plantet, Sebastien"]
[Black "Boursier, Julien"]
[Result "1-0"]
[WhiteElo "2308"]
[BlackElo "2050"]
[PlyCount "71"]
[EventDate "2004.04.??"]
[EventType "swiss"]
[EventRounds "9"]
[EventCountry "FRA"]
[SourceTitle "EXT 2005"]
[Source "ChessBase"]
[SourceDate "2004.11.15"]
[SourceVersion "1"]
[SourceVersionDate "2004.11.15"]
[SourceQuality "1"]

1. c4 c6 2. Nc3 d5 3. d4 Nf6 4. cxd5 cxd5 5. Bf4 Nc6 6. e3 a6 7. Rc1 e6 8. Bd3 Be7 9. Nf3 0-0 10. 0-0 Nh5 11. Be5 f6 12. Bg3 Nxg3 13. hxg3 Qe8 14. e4 dxe4 15. Bxe4 Qh5 16. Na4 Qb5 17. Qc2 Nb4 18. Bxh7+ Kh8 19. Qg6 Qf5 20. Nh4 Qxg6 21. Nxg6+ Kxh7 22. Nxf8+ Bxf8 23. Nb6 Rb8 24. Rxc8 Rxc8 25. Nxc8 Nxa2 26. Re1 Nb4 27. Rxe6 b5 28. d5 Nxd5 29. Rxa6 b4 30. Nb6 Nc7 31. Ra7 Ne6 32. Nd7 Be7 33. Kf1 Kg6 34. Ne5+ fxe5 35. Rxe7 Kf6 36. Rb7 1-0

[Event "France-ch U20"]
[Site "Reims"]
[Date "2004.04.20"]
[Round "4"]
[White "Boursier, Julien"]
[Black "Alanic, Xavier"]
[Result "1/2-1/2"]
[WhiteElo "2050"]
[BlackElo "2175"]
[PlyCount "138"]
[EventDate "2004.04.??"]
[EventType "swiss"]
[EventRounds "9"]
[EventCountry "FRA"]
[SourceTitle "EXT 2005"]
[Source "ChessBase"]
[SourceDate "2004.11.15"]
[SourceVersion "1"]
[SourceVersionDate "2004.11.15"]
[SourceQuality "1"]

1. d4 d6 2. Nf3 g6 3. Bg5 Bg7 4. c3 c6 5. Nbd2 h6 6. Bh4 d5 7. e3 Nf6 8. Bd3 0-0 9. Ne5 c5 10. 0-0 Qb6 11. Rb1 Nc6 12. f4 cxd4 13. exd4 Nxe5 14. fxe5 Ng4 15. Bxe7 Ne3 16. Qf3 Nxf1 17. Rxf1 Be6 18. Bxf8 Rxf8 19. Nb3 Qc6 20. Bb1 b6 21. Nc1 f6 22. exf6 Rxf6 23. Qe2 Rxf1+ 24. Qxf1 Bf7 25. Nd3 Qe6 26. Qe1 Qf6 27. Ne5 Be8 28. Qg3 g5 29. Qg4 Qe7 30. Qf5 Bf7 31. Bc2 b5 32. Bb3 Be6 33. Nc6 Qe8 34. Bxd5 Bxd5 35. Qxd5+ Kh8 36. Ne5 b4 37. cxb4 Qa4 38. Qb3 Qa6 39. b5 Qa5 40. Qc3 Qxb5 41. Qc8+ Kh7 42. Qf5+ Kg8 43. Qf7+ Kh7 44. Qg6+ Kg8 45. Ng4 Kf8 46. Qd6+ Kg8 47. Nxh6+ Kh7 48. Nf7 Qf5 49. Ne5 Qe4 50. Nf3 Qe3+ 51. Kf1 g4 52. Ne5 Qc1+ 53. Kf2 Qf4+ 54. Ke2 Qe4+ 55. Kd2 Qxg2+ 56. Kc3 Qe4 57. Qd7 Qe3+ 58. Nd3 Qe2 59. Qf5+ Kh8 60. Qh5+ Kg8 61. h3 Qe6 62. Qxg4 Qxa2 63. Qc8+ Kh7 64. Qf5+ Kg8 65. h4 Qa4 66. h5 Qxd4+ 67. Kc2 Qa4+ 68. Kb1 Qd1+ 69. Ka2 Qa4+ 1/2-1/2

[Event "FRA-chT2 0304a"]
[Site "France"]
[Date "2004.04.03"]
[Round "10.8"]
[White "Brethes, Francois"]
[Black "Boursier, Julien"]
[Result "1-0"]
[WhiteElo "2088"]
[BlackElo "2050"]
[PlyCount "121"]
[EventDate "2003.10.??"]
[EventType "team"]
[EventRounds "11"]
[EventCountry "FRA"]
[SourceTitle "EXT 2005"]
[Source "ChessBase"]
[SourceDate "2004.11.15"]
[SourceVersion "1"]
[SourceVersionDate "2004.11.15"]
[SourceQuality "1"]
[WhiteTeam "Toulouse"]
[BlackTeam "Echiquier Nicois II"]
[WhiteTeamCountry "FRA"]
[BlackTeamCountry "FRA"]

1. d4 d5 2. e3 Nf6 3. c4 e6 4. Nc3 c6 5. Nf3 Nbd7 6. Bd3 Bd6 7. 0-0 0-0 8. e4 dxe4 9. Nxe4 Nxe4 10. Bxe4 h6 11. b3 e5 12. dxe5 Nxe5 13. Bb2 Qc7 14. h3 Be6 15. Re1 Nxf3+ 16. Qxf3 Rae8 17. Qc3 f5 18. Bf3 Qf7 19. Bh5 Qc7 20. Bxe8 Rxe8 21. Rad1 Bf4 22. Qf3 Bg5 23. Qh5 Qf7 24. Qxf7+ Kxf7 25. Bd4 b6 26. Be5 Be7 27. Bd6 Bf6 28. Ba3 c5 29. Rd6 Bd4 30. Re2 Bc8 31. Rxe8 Kxe8 32. b4 Ke7 33. bxc5 bxc5 34. Rd5 Kf6 35. Bxc5 Be5 36. Bd4 Bxd4 37. Rxd4 Be6 38. c5 Ke5 39. Rd8 Bd5 40. Rd7 g5 41. Rxa7 Kd4 42. Rh7 Kxc5 43. Rxh6 Bxa2 44. Rh5 Kd4 45. Rxg5 Ke4 46. h4 Kf4 47. g3+ Ke5 48. f4+ Kf6 49. h5 Bf7 50. h6 Bg6 51. Kf2 Kf7 52. Ke3 Kf6 53. Kd4 Bh7 54. Rg7 Bg6 55. Kd5 Be8 56. Kd6 Bh5 57. Rg8 Bg6 58. Rf8+ Bf7 59. h7 Kg6 60. h8Q Be6 61. Rf6# 1-0

[Event "FRA-chT2 0304a"]
[Site "France"]
[Date "2004.02.01"]
[Round "7.9"]
[White "Boursier, Julien"]
[Black "Levacic, Melissa"]
[Result "0-1"]
[WhiteElo "2050"]
[BlackElo "2011"]
[PlyCount "150"]
[EventDate "2003.10.??"]
[EventType "team"]
[EventRounds "11"]
[EventCountry "FRA"]
[SourceTitle "EXT 2005"]
[Source "ChessBase"]
[SourceDate "2004.11.15"]
[SourceVersion "1"]
[SourceVersionDate "2004.11.15"]
[SourceQuality "1"]
[WhiteTeam "Echiquier Nicois II"]
[BlackTeam "Cannes II"]
[WhiteTeamCountry "FRA"]
[BlackTeamCountry "FRA"]

1. d4 d5 2. c4 c6 3. cxd5 cxd5 4. Nf3 Nf6 5. Nc3 a6 6. Bf4 Bf5 7. Qb3 b6 8. e3 Nc6 9. Ne5 Na5 10. Qd1 e6 11. g4 Bg6 12. h4 h6 13. Nxg6 fxg6 14. Bd3 Bd6 15. Bxg6+ Ke7 16. Qf3 Nc4 17. Rb1 Bb4 18. Qe2 Rc8 19. Kf1 b5 20. Bd3 Nxb2 21. Qxb2 Bxc3 22. Qa3+ b4 23. Qxa6 Ra8 24. Qc6 Qd7 25. Qc5+ Kf7 26. g5 hxg5 27. Bxg5 Rhc8 28. Qb5 Qxb5 29. Bxb5 Ne4 30. Bd3 Nd2+ 31. Kg2 Nxb1 32. Bxb1 e5 33. dxe5 Bxe5 34. Rd1 Rc5 35. Kf3 Rac8 36. e4 d4 37. Kg4 Bf6 38. Bxf6 Kxf6 39. Rxd4 Rc4 40. Rd6+ Ke7 41. Rb6 Rd8 42. Rb7+ Kf8 43. a3 bxa3 44. Ra7 Rd1 45. Ba2 Rxe4+ 46. f4 Rf1 47. Rxa3 Rfxf4+ 48. Kg5 Rg4+ 49. Kf5 g6+ 50. Kf6 Ref4+ 51. Ke5 Kg7 52. h5 Rf5+ 53. Ke6 Rxh5 54. Bb1 Rb4 55. Bc2 Rb6+ 56. Ke7 Rc5 57. Bd3 Rc7+ 58. Kd8 Rf7 59. Kc8 Re6 60. Kd8 Kf8 61. Bb5 Rb6 62. Ba6 Rb8+ 63. Bc8 Kg8 64. Rc3 Rf8+ 65. Kd7 Rbxc8 66. Ra3 Ra8 67. Re3 Ra6 68. Kc7 Rf7+ 69. Kb8 Rd6 70. Kc8 Rd5 71. Re1 Rh5 72. Re8+ Rf8 73. Rd8 Rc5+ 74. Kd7 Rd5+ 75. Ke6 Rfxd8 0-1

[Event "FRA-chT2S"]
[Site "France"]
[Date "2003.02.02"]
[Round "7.6"]
[White "Roux, Philippe"]
[Black "Boursier, Julien"]
[Result "1-0"]
[WhiteElo "2020"]
[BlackElo "2065"]
[PlyCount "76"]
[EventDate "2002.10.??"]
[EventType "team"]
[EventRounds "11"]
[EventCountry "FRA"]
[SourceTitle "EXT 2004"]
[Source "ChessBase"]
[SourceDate "2003.11.25"]
[SourceVersion "1"]
[SourceVersionDate "2003.11.25"]
[SourceQuality "1"]

1. e4 e6 2. d4 d5 3. Nd2 dxe4 4. Nxe4 Nd7 5. Nf3 Ngf6 6. Nxf6+ Nxf6 7. Bd3 c5 8. dxc5 Bxc5 9. 0-0 0-0 10. Qe2 b6 11. Bg5 Bb7 12. Rad1 Qe7 13. Ne5 Rfd8 14. Ng4 Rd5 15. Nxf6+ gxf6 16. Bh4 Kh8 17. c4 Rd4 18. Qh5 Be4 19. Bxe4 Rxe4 20. Qh6 Rxh4 21. Qxh4 Rg8 22. Rd3 Rg6 23. Rfd1 Qb7 24. g3 Kg7 25. Qh3 Qe4 26. Qg2 Qxc4 27. Rd7 Rg5 28. Qb7 Kg6 29. Rxf7 Bxf2+ 30. Kg2 Bc5 31. Rg7+ Kh6 32. Rxh7+ Kg6 33. Qf7+ Kf5 34. Rf1+ Ke5 35. Qxf6+ Kd6 36. Qe7+ Ke5 37. Qxg5+ Kd6 38. Qe7+ Ke5 1-0

[Event "FRA-ch U18"]
[Site "Hyeres"]
[Date "2002.??.??"]
[Round "9.10"]
[White "Boursier, Julien"]
[Black "Forestier, Flavien"]
[Result "1/2-1/2"]
[WhiteElo "2078"]
[BlackElo "2195"]
[PlyCount "70"]
[EventDate "2002.04.05"]
[EventType "swiss"]
[EventRounds "9"]
[EventCountry "FRA"]
[SourceTitle "EXT 2003"]
[Source "ChessBase"]
[SourceDate "2002.11.25"]
[SourceVersion "1"]
[SourceVersionDate "2002.11.25"]
[SourceQuality "1"]

1. d4 d5 2. c4 e6 3. Nc3 Nf6 4. cxd5 exd5 5. Bg5 Be7 6. e3 0-0 7. Bd3 Nbd7 8. Nf3 c6 9. 0-0 Re8 10. Qc2 Nf8 11. h3 Be6 12. Rfc1 Rc8 13. Bxf6 Bxf6 14. b4 Be7 15. Rab1 Bd6 16. Na4 Qf6 17. Qd1 a6 18. Nc5 Rc7 19. a4 Ng6 20. b5 axb5 21. axb5 Nh4 22. Nxh4 Qxh4 23. Nxe6 fxe6 24. bxc6 bxc6 25. Rb6 Rf8 26. Qe2 Rcf7 27. Rc2 Rxf2 28. Qxf2 Rxf2 29. Rxf2 Qg3 30. Rxc6 Qh2+ 31. Kf1 g6 32. Rf3 Bg3 33. Rxg3 Qxg3 34. Rxe6 Qc7 35. Re5 Qf7+ 1/2-1/2